All Amiibos - Statistics

General Stats
  • This quiz has been taken 54 times
    24 since last reset
  • The average score is 66 of 134
Answer Stats
Series Amiibo % Correct
SSB/Mario Mario
100%
SSB/Mario Peach
100%
SSB/Mario Bowser
92%
SSB/BotW Link
85%
SSB/Mario Yoshi
85%
SSB/BotW Zelda
85%
SSB Bowser jr
77%
Mario | SSB Daisy
77%
SSB/Mario Donkey Kong
77%
SSB Ken
77%
SSB/Kirby Kirby
77%
SSB Bayonetta
69%
Mario Boo
69%
SSB/Mario Diddy Kong
69%
Mario Goomba
69%
AC | SSB Isabelle
69%
SSB/Mario Luigi
69%
SSB Megaman
69%
SSB/Kirby Meta Knight
69%
SSB Roy
69%
Mario Waluigi
69%
SSB/Mario Wario
69%
SSB Wolf
69%
SSB Charizard
62%
Chibi Chibi Robo
62%
SSB Cloud
62%
SSB Duck hunt
62%
SSB/Kirby King Dedede
62%
SSB King K Rool
62%
Mario Koopa Troopa
62%
SSB Marth
62%
SSB Pikachu
62%
SSB R.O.B
62%
SSB Samus
62%
Shovel Knight Shovel Knight
62%
SSB Sonic
62%
Mario Toad
62%
AC Tom Nook
62%
SSB Villager
62%
Kirby Waddle Dee
62%
BotW Bokoblin
54%
FE/SSB Chrom
54%
SSB Falco
54%
SSB Fox
54%
SSB Ganondorf
54%
Mario Gold Mario
54%
SSB Greninja
54%
SSB Ike
54%
Splatoon Inkling Boy
54%
Splatoon/SSB Inkling Girl
54%
BotW Mipha
54%
SSB Pac-man
54%
SSB Pichu
54%
Pikmin Pikmin
54%
SSB Ridley
54%
SSB/Mario Rosalina
54%
Mario Silver Mario
54%
SSB/Zelda Toon Link
54%
SSB Zero suit Samus
54%
Wooly world Blue yarn Yoshi
46%
SSB Captain Falcon
46%
SSB Corrin
46%
BotW Daruk
46%
Megaman Gold Megaman
46%
WW Green yarn Yoshi
46%
Splatoon Inkling Squid
46%
SSB Jigglypuff
46%
SSB Little Mac
46%
SSB Lucario
46%
SSB Lucas
46%
SSB Lucina
46%
SSB Mewtwo
46%
SSB Ness
46%
SSB Olimar
46%
WW Pink yarn Yoshi
46%
SSB Piranha Plant
46%
BotW Revali
46%
SSB Robin
46%
SSB Ryu
46%
SSB Shulk
46%
AC Timmy & Tommy
46%
BotW Urbosa
46%
SSB Young Link
46%
Mario 8bit Mario
38%
Splatoon Callie
38%
SSB Dark Pit
38%
AC Digby
38%
BotW Guardian
38%
SSB Ice Climbers
38%
AC K.K. Slider
38%
Splatoon Marie
38%
Splatoon Marina
38%
WW Mega yarn Yoshi
38%
SSB Palutena
38%
Splatoon Pearl
38%
SSB Pit
38%
AC Resetti
38%
SSB Sheik
38%
Zelda Toon Zelda
38%
SSB Wii fit trainer
38%
TP/BotW Wolf Link
38%
Zelda 8bit Link
31%
AC Cyrus
31%
Pokemon Detective Pikachu
31%
SSB Dr. Mario
31%
AC Kicks
31%
AC Lottie
31%
SSB Mii Brawler
31%
SSB Mii Gunner
31%
SSB Mii Swordfighter
31%
Splatoon Octoling boy
31%
Splatoon Octoling Girl
31%
AC Reese
31%
AC Rover
31%
FE Tiki
31%
Fire Emblem Alm
23%
Animal Crossing Blathers
23%
FE Celica
23%
AC Kappn
23%
Shovel Knight King Knight
23%
BotW Link Archer
23%
BotW Link Rider
23%
AC Mabel
23%
SSB Mr. Game & Watch
23%
Splatoon Octoling Octopus
23%
Shovel Knight Plague Knight
23%
Shovel Knight Specter Knight
23%
AC Celeste
15%
Diablo Loot Goblin
15%
WW Poochy
15%
Box Boy Qbby
15%
Dark Souls Solaire of Astora
15%
No matching quizzes found
Score Distribution
Percent of People with Each Score
Percentile by Number Answered
Your Score History
You have not taken this quiz since the last reset